00757 2200277 4500001002100000005001700021008004100038020001900079035002400098082001200122090001900134100002200153245007100175250001100246260004100257300002900298650004500327850001500372980001300387985000600400986001300406999001500419999001500434999001500449999001500464YOGYA-0209000001478920090227022446.0 ind  a979-421-040-04 0010-020900000014789 a346.043 a346.043bPer E aPERANGIN, Effendi a401 pertanyaan dan jawaban tentang hukum agrariacEffendi Perangin aCet. 3 aJakartabRaja Grafindo Persadac1994 axv, 205 hlmbilusc21 cm aHukum agraria - Indonesia - Bunga rampai aYOPDYOG(B) a05-08-05 a4 afwhrtrev a98P0098144 a98P0098145 a98P0098146 a95P0073022